[Event "Autunno Scacchistico Magistrale"]
[Site "Venezia ITA"]
[Date "2004.11.01"]
[Round "6"]
[White "Mufic, Goran"]
[Black "Giuriati, Paolo"]
[Result "1-0"]
[WhiteElo "2320"]
[BlackElo "2190"]
[PlyCount "71"]
[EventDate "2004.10.29"]

1. e4 c6 2. Nc3 d5 3. Nf3 Bg4 4. h3 Bxf3 5. Qxf3 e6 6. d3 Bb4 7. Bd2 d4 8. Nb1
Bxd2+ 9. Nxd2 Nf6 10. e5 Nfd7 11. Qg4 Nxe5 12. Qxg7 Ng6 13. h4 Qd5 14. h5 Qe5+
15. Qxe5 Nxe5 16. Nb3 Na6 17. Nxd4 O-O-O 18. Rh4 Nb4 19. O-O-O c5 20. Nb3 b6
21. a3 Nbc6 22. d4 Nxd4 23. Nxd4 cxd4 24. Rdxd4 Rxd4 25. Rxd4 Rg8 26. Re4 Nc6
27. Rf4 f5 28. Bc4 Nd8 29. Rxf5 Rg4 30. Bd3 Rxg2 31. Rf6 Rg7 32. Rh6 Rf7 33.
Rxh7 Rxf2 34. Ba6+ Kb8 35. Rd7 Nf7 36. Rb7+ 1-0

[Event "Autunno Scacchistico Magistrale"]
[Site "Venezia ITA"]
[Date "2004.11.01"]
[Round "6"]
[White "Petruk, Mykola"]
[Black "Gallo, Enrico"]
[Result "0-1"]
[WhiteElo "2009"]
[BlackElo "2159"]
[PlyCount "80"]
[EventDate "2004.10.29"]

1. d4 Nf6 2. c4 c5 3. d5 e6 4. Nc3 exd5 5. cxd5 d6 6. e4 g6 7. f4 Bg7 8. Bb5+
Nfd7 9. Nf3 O-O 10. O-O a6 11. Bd3 b5 12. a4 b4 13. Ne2 a5 14. Rb1 Ba6 15. b3
Nb6 16. Bxa6 Nxa6 17. Bb2 Bxb2 18. Rxb2 c4 19. Ned4 c3 20. Re2 Qd7 21. f5 Nc5
22. f6 h6 23. Qc1 Kh7 24. Ng5+ hxg5 25. Qxg5 Rh8 26. Rf4 Kg8 27. Rh4 Rxh4 28.
Qxh4 Nxe4 29. Qxe4 Rc8 30. Re3 Nxd5 31. Rh3 Nxf6 32. Qh4 Nh5 33. g4 c2 34. Nxc2
Rxc2 35. gxh5 Qa7+ 36. Kf1 Qa6+ 37. Kg1 Rc1+ 38. Kg2 Qf1+ 39. Kg3 Rc3+ 40. Kg4
Qf5# 0-1

[Event "Autunno Scacchistico Magistrale"]
[Site "Venezia ITA"]
[Date "2004.11.01"]
[Round "6"]
[White "Verducci, Gianni"]
[Black "Solinas, Carlo"]
[Result "1-0"]
[WhiteElo "2045"]
[BlackElo "2094"]
[PlyCount "99"]
[EventDate "2004.10.29"]

1. e4 e5 2. Nf3 Nc6 3. Bb5 f5 4. Bxc6 dxc6 5. Nc3 Nf6 6. Qe2 Bd6 7. d3 O-O 8.
exf5 Bxf5 9. Bg5 h6 10. Bh4 Qe7 11. O-O-O b5 12. Ne4 g5 13. Nxf6+ Qxf6 14. Bg3
Rae8 15. Nd2 Qe6 16. Kb1 Bg6 17. Ne4 a5 18. h4 Bf7 19. c4 bxc4 20. dxc4 Bg6 21.
hxg5 Qf5 22. f3 hxg5 23. Ka1 Be7 24. Nf2 Bc5 25. Ng4 Qe6 26. Qd2 Rf5 27. Nh6+
Kg7 28. Nxf5+ Qxf5 29. Qd7+ Re7 30. Qxc6 Bd4 31. Qb5 c6 32. Qb8 a4 33. a3 Bh7
34. Rhe1 Kf7 35. Qb4 c5 36. Qd2 Rb7 37. Rb1 Rb3 38. Ka2 Qe6 39. Rbc1 Rxb2+ 40.
Qxb2 Bxb2 41. Kxb2 Kf8 42. Bxe5 Qb6+ 43. Ka1 Qb3 44. Bb2 Bc2 45. Re2 Bg6 46.
Re5 Bf7 47. Rxc5 Qe3 48. Rc7 Qd2 49. Rh1 Qd8 50. Rh8+ 1-0

[Event "IX Weekend A"]
[Site "Palermo ITA"]
[Date "2004.10.29"]
[Round "1"]
[White "Bentivegna, Francesco"]
[Black "Amato, Andrea"]
[Result "1/2-1/2"]
[WhiteElo "2215"]
[BlackElo "2061"]
[PlyCount "57"]
[EventDate "2004.10.29"]

1. e4 e5 2. Nf3 d6 3. d4 exd4 4. Nxd4 Nf6 5. Nc3 Be7 6. Bf4 O-O 7. Qd2 Nc6 8.
O-O-O Nxd4 9. Qxd4 Be6 10. f3 Nd7 11. Qe3 Nb6 12. g4 c6 13. h4 d5 14. Kb1 Bb4
15. a3 Bxc3 16. Qxc3 Qe7 17. Be2 c5 18. h5 d4 19. Qd2 Rfd8 20. g5 c4 21. Qb4
Qxb4 22. axb4 Rd7 23. Be5 Rad8 24. f4 d3 25. Bf3 g6 26. c3 Na4 27. Rd2 b5 28.
Rg1 Rf8 29. Bf6 1/2-1/2

[Event "IX Weekend A"]
[Site "Palermo ITA"]
[Date "2004.10.29"]
[Round "1"]
[White "Ferrante, Marco"]
[Black "Di Caro, Calogero"]
[Result "0-1"]
[WhiteElo "2095"]
[BlackElo "2317"]
[PlyCount "50"]
[EventDate "2004.10.29"]

1. e4 e6 2. d4 d5 3. exd5 exd5 4. Bd3 Nc6 5. c3 Bd6 6. Ne2 Qh4 7. Be3 Nf6 8.
Nd2 Ng4 9. Nf3 Nxe3 10. Nxh4 Nxd1 11. Rxd1 Ne7 12. Ng3 g6 13. O-O Bg4 14. Rde1
O-O 15. f4 Bd7 16. f5 c5 17. dxc5 Bxc5+ 18. Kh1 Rae8 19. f6 Nc6 20. Nf3 Be3 21.
Re2 Re6 22. Rfe1 Rfe8 23. Nf5 gxf5 24. Bxf5 Bf2 25. Bxe6 Bxe1 0-1

[Event "IX Weekend A"]
[Site "Palermo ITA"]
[Date "2004.10.29"]
[Round "1"]
[White "Galioto, Giovanni"]
[Black "Bertino, Giacomo"]
[Result "0-1"]
[WhiteElo "2159"]
[BlackElo "2034"]
[PlyCount "46"]
[EventDate "2004.10.29"]

1. e4 d5 2. exd5 Nf6 3. d4 Bg4 4. Nf3 Qxd5 5. Be2 Nc6 6. O-O a6 7. c4 Qd6 8.
Nc3 e6 9. Re1 Bxf3 10. Bxf3 O-O-O 11. d5 exd5 12. cxd5 Nb4 13. Bg5 h6 14. Bxf6
Qxf6 15. Qb3 Nd3 16. Ne4 Nc5 17. Nxc5 Bxc5 18. d6 c6 19. Re7 b5 20. Rc7+ Kb8
21. Rc1 Rhe8 22. Rxc6 Qd4 23. Qxf7 Qxf2+ 0-1

[Event "IX Weekend A"]
[Site "Palermo ITA"]
[Date "2004.10.29"]
[Round "1"]
[White "Greco, Salvatore"]
[Black "Gueci, Riccardo"]
[Result "1/2-1/2"]
[WhiteElo "1877"]
[BlackElo "2126"]
[PlyCount "36"]
[EventDate "2004.10.29"]

1. d4 d6 2. e4 Nf6 3. Nc3 Nbd7 4. Be3 e5 5. f3 c6 6. g4 h6 7. Qd2 Be7 8. O-O-O
Qa5 9. Kb1 Nf8 10. Bc4 Ne6 11. dxe5 dxe5 12. Nd5 Qxd2 13. Nxf6+ Bxf6 14. Rxd2
b5 15. Bxe6 Bxe6 16. Ne2 Be7 17. Rhd1 a5 18. Nc1 a4 1/2-1/2

[Event "IX Weekend A"]
[Site "Palermo ITA"]
[Date "2004.10.29"]
[Round "1"]
[White "La Bella, Roberto"]
[Black "Livecchi, Dario"]
[Result "0-1"]
[WhiteElo "2060"]
[BlackElo "2171"]
[PlyCount "73"]
[EventDate "2004.10.29"]

1. e4 c5 2. c3 e6 3. d4 Nf6 4. Bd3 Nc6 5. Nf3 Qb6 6. e5 Nd5 7. Na3 cxd4 8. Nc4
Qc7 9. cxd4 b5 10. Ne3 Bb4+ 11. Bd2 Nf4 12. Bxb5 Rb8 13. Be2 Bxd2+ 14. Qxd2
Nxe2 15. Nc4 Ba6 16. Qxe2 Nxd4 17. Nxd4 Bxc4 18. Rc1 Qa5+ 19. b4 Rxb4 20. Qd2
Qxe5+ 21. Kd1 a5 22. a3 Ra4 23. Re1 Qd5 24. Re3 O-O 25. Rg3 Rb8 26. Rg5 Qxd4
27. Qxd4 Bb3+ 28. Ke2 Rxd4 29. Rb5 Ra8 30. Rxb3 Kf8 31. Rc7 Ke7 32. Rh3 h6 33.
Rg3 g6 34. Rb3 a4 35. Rbb7 Ra6 36. Rc3 Rad6 37. Ra7 0-1

[Event "IX Weekend A"]
[Site "Palermo ITA"]
[Date "2004.10.29"]
[Round "1"]
[White "Mangione, Claudio"]
[Black "Ferro, Mario"]
[Result "0-1"]
[WhiteElo "2088"]
[BlackElo "2226"]
[PlyCount "66"]
[EventDate "2004.10.29"]

1. c4 Nf6 2. Nc3 e6 3. e4 d5 4. e5 d4 5. exf6 dxc3 6. bxc3 Qxf6 7. Nf3 c5 8. d4
cxd4 9. cxd4 Nc6 10. Be2 Bd6 11. O-O O-O 12. Bb2 b6 13. Qb3 e5 14. c5 bxc5 15.
dxc5 Rb8 16. Qc3 Bxc5 17. Qxc5 Rxb2 18. Bb5 Nd4 19. Nxd4 exd4 20. a4 a6 21. Bd3
Bb7 22. Rab1 Rxb1 23. Rxb1 Ba8 24. Qa7 Qc6 25. f3 Qxa4 26. Qxa6 Qe8 27. Kf1 Qe5
28. h3 g6 29. Re1 Qf4 30. Qc4 Rd8 31. Qa4 Bxf3 32. Re8+ Rxe8 33. Qxe8+ Kg7 0-1

[Event "IX Weekend A"]
[Site "Palermo ITA"]
[Date "2004.10.29"]
[Round "1"]
[White "Mazzilli, Piero"]
[Black "Ferrante, Francesco"]
[Result "1-0"]
[WhiteElo "2312"]
[BlackElo "2092"]
[PlyCount "97"]
[EventDate "2004.10.29"]

1. d4 Nf6 2. Nc3 d5 3. Bg5 e6 4. e4 dxe4 5. Nxe4 Be7 6. Bxf6 Bxf6 7. Nf3 O-O 8.
c3 Bd7 9. Bd3 Bc6 10. Qe2 Nd7 11. O-O-O Re8 12. h4 Nf8 13. g4 Bxe4 14. Bxe4 c6
15. Kb1 Qc7 16. Ng5 Bxg5 17. hxg5 g6 18. Qd2 Rad8 19. Qe3 e5 20. d5 cxd5 21.
Bxd5 b6 22. c4 Qe7 23. Rh6 Qc5 24. Qh3 e4 25. Qh2 e3 26. fxe3 Qxe3 27. Rh1 Qd3+
28. Ka1 Rxd5 29. cxd5 Qxd5 30. Rxh7 Qxh1+ 31. Qxh1 Nxh7 32. a3 a5 33. Qd5 Re6
34. Ka2 Kf8 35. Qd8+ Kg7 36. Kb3 Nf8 37. Ka4 Nh7 38. Qd4+ Kg8 39. Kb5 Nf8 40.
Ka6 Rc6 41. Qd5 Rc5 42. Qd6 Rxg5 43. Kxb6 Ne6 44. b4 axb4 45. Qxb4 Rd5 46. a4
Rd7 47. a5 f5 48. gxf5 gxf5 49. a6 1-0

[Event "IX Weekend A"]
[Site "Palermo ITA"]
[Date "2004.10.29"]
[Round "1"]
[White "Musella, Vincenzo"]
[Black "Ganci, Fabrizio"]
[Result "1/2-1/2"]
[WhiteElo "1919"]
[BlackElo "2159"]
[PlyCount "70"]
[EventDate "2004.10.29"]

1. c4 c6 2. Nf3 d5 3. e3 Nf6 4. Be2 Nbd7 5. d4 e6 6. O-O Bd6 7. Nc3 O-O 8. Re1
dxc4 9. Bxc4 e5 10. e4 Qc7 11. d5 Nb6 12. Bb3 Bg4 13. Bg5 Nh5 14. h3 Bxf3 15.
Qxf3 Nf4 16. Rac1 a6 17. dxc6 bxc6 18. Bxf4 exf4 19. Nd5 Nxd5 20. Bxd5 Qa5 21.
Bxc6 Rab8 22. Red1 Rfd8 23. Rd5 Qxa2 24. Rcd1 Bc7 25. Rxd8+ Rxd8 26. Rxd8+ Bxd8
27. Qd1 Be7 28. Qd7 Qe6 29. Qb7 Qe5 30. Bd5 g5 31. Qc6 Bf8 32. Qd7 Qe7 33. Qf5
h6 34. b4 Bg7 35. Qc8+ Bf8 1/2-1/2

[Event "IX Weekend A"]
[Site "Palermo ITA"]
[Date "2004.10.29"]
[Round "1"]
[White "Naumkin, Igor"]
[Black "Gangemi, Salvatore"]
[Result "1/2-1/2"]
[WhiteElo "2479"]
[BlackElo "2105"]
[PlyCount "50"]
[EventDate "2004.10.29"]

1. d4 Nf6 2. c4 g6 3. Nc3 d5 4. cxd5 Nxd5 5. e4 Nxc3 6. bxc3 Bg7 7. Bc4 O-O 8.
Ne2 c5 9. O-O cxd4 10. cxd4 Nc6 11. Be3 Bg4 12. f3 Na5 13. Bxf7+ Rxf7 14. fxg4
Rxf1+ 15. Kxf1 Qd7 16. Qd3 Qxg4 17. Kg1 Rc8 18. h3 Qd7 19. Rf1 Nc4 20. d5 Nxe3
21. Qxe3 Qb5 22. Nf4 Rf8 23. h4 Qb2 24. Ne6 Rxf1+ 25. Kxf1 Qb1+ 1/2-1/2

[Event "IX Weekend A"]
[Site "Palermo ITA"]
[Date "2004.10.29"]
[Round "1"]
[White "Tirrito, Luca"]
[Black "Verga, Domenico"]
[Result "1/2-1/2"]
[WhiteElo "2132"]
[BlackElo "1878"]
[PlyCount "67"]
[EventDate "2004.10.29"]

1. e4 c6 2. d4 d5 3. e5 c5 4. dxc5 Nc6 5. Bf4 g5 6. Bg3 Bf5 7. c3 d4 8. Bb5
Bxb1 9. Rxb1 dxc3 10. b4 a5 11. Bxc6+ bxc6 12. Qxd8+ Kxd8 13. Ne2 axb4 14. Rxb4
e6 15. Nxc3 Bxc5 16. Rc4 Bb6 17. Rxc6 Ba5 18. O-O Ne7 19. Rd6+ Ke8 20. Ne4 Nd5
21. Nxg5 Bc7 22. Rxd5 exd5 23. e6 f6 24. Nf7 Bxg3 25. Nxh8 Be5 26. Nf7 Rxa2 27.
Nxe5 fxe5 28. f4 exf4 29. Rxf4 Ke7 30. Rf7+ Kxe6 31. Rxh7 d4 32. Rh3 Ra1+ 33.
Kf2 Ra2+ 34. Kg1 1/2-1/2

[Event "IX Weekend A"]
[Site "Palermo ITA"]
[Date "2004.10.29"]
[Round "1"]
[White "Valguarnera, Girolamo"]
[Black "Massafra, Antonio"]
[Result "1-0"]
[WhiteElo "2113"]
[BlackElo "1801"]
[PlyCount "85"]
[EventDate "2004.10.29"]

1. e4 d5 2. exd5 Qxd5 3. Nc3 Qa5 4. d4 Nf6 5. Bc4 c6 6. Bb3 Bf5 7. Nge2 e6 8.
O-O Bd6 9. d5 cxd5 10. Nd4 Bg6 11. Ndb5 Be5 12. Qe2 Bxc3 13. bxc3 O-O 14. Ba3
Rc8 15. Bb4 Qd8 16. Nd6 Rc7 17. a4 Nc6 18. Ba3 Na5 19. Rab1 Nxb3 20. Rxb3 Ne4
21. Nb5 Rc4 22. f3 Qb6+ 23. Kh1 Nc5 24. Bc1 Nxb3 25. cxb3 Rc6 26. Be3 Qd8 27.
Qd2 a6 28. Nd4 Rcc8 29. Ra1 e5 30. Ne2 d4 31. cxd4 Rc2 32. Qe1 Bd3 33. Nc1 Bg6
34. dxe5 Rac8 35. h3 Rb2 36. Ne2 Rcc2 37. Rd1 Qc8 38. Nf4 Bf5 39. Qa5 g5 40.
Rd8+ Qxd8 41. Qxd8+ Kg7 42. Nh5+ Kh6 43. Qxg5# 1-0

[Event "IX Weekend A"]
[Site "Palermo ITA"]
[Date "2004.10.30"]
[Round "2"]
[White "Amato, Andrea"]
[Black "Tirrito, Luca"]
[Result "1-0"]
[WhiteElo "2061"]
[BlackElo "2132"]
[PlyCount "87"]
[EventDate "2004.10.29"]

1. e4 e5 2. f4 Nf6 3. fxe5 Nxe4 4. Nf3 Ng5 5. d4 Nxf3+ 6. Qxf3 Qh4+ 7. Qf2
Qxf2+ 8. Kxf2 d5 9. c4 Nc6 10. Be3 dxc4 11. Bxc4 Be6 12. Bb5 Bd7 13. Nc3 Be7
14. Bxc6 Bxc6 15. d5 Bd7 16. Rac1 c6 17. d6 Bd8 18. Rhe1 h6 19. Bd4 O-O 20. Ne4
b6 21. b4 a5 22. a3 Re8 23. Rb1 axb4 24. axb4 Ra4 25. Bc3 Bf5 26. Rbd1 c5 27.
Ng3 Bh4 28. bxc5 bxc5 29. Ra1 Rc4 30. Rec1 Rd8 31. Bb2 Rb4 32. Ba3 Rf4+ 33. Kg1
Bxg3 34. hxg3 Re4 35. Rxc5 Bg4 36. Bb2 f6 37. exf6 gxf6 38. Rc7 Ree8 39. Raa7
Rxd6 40. Rg7+ Kh8 41. Rh7+ Kg8 42. Rag7+ Kf8 43. Ba3 Re1+ 44. Kh2 1-0

[Event "IX Weekend A"]
[Site "Palermo ITA"]
[Date "2004.10.30"]
[Round "2"]
[White "Bertino, Giacomo"]
[Black "Naumkin, Igor"]
[Result "0-1"]
[WhiteElo "2034"]
[BlackElo "2479"]
[PlyCount "78"]
[EventDate "2004.10.29"]

1. e4 e5 2. Nf3 Nc6 3. Nc3 Nf6 4. d4 exd4 5. Nd5 Be7 6. Bf4 d6 7. Nxd4 Nxd5 8.
Nxc6 bxc6 9. exd5 O-O 10. Bd3 cxd5 11. Qh5 f5 12. Qf3 c6 13. O-O g5 14. Bd2 Bf6
15. Rab1 g4 16. Qf4 Be5 17. Qa4 Bd7 18. f4 Bg7 19. Ba5 Qf6 20. c3 Rf7 21. Qb3
Re8 22. Qb7 Re3 23. Rbd1 Be8 24. Qb8 Qe7 25. Qc8 Qd7 26. Qb8 Qb7 27. Qxd6 Bf8
28. Qd8 Qxb2 29. Rb1 Qa3 30. Rb8 Rxd3 31. Bb4 Bxb4 32. cxb4 Re3 33. Qg5+ Rg7
34. Qh5 Kf8 35. Qxf5+ Rf7 36. Qxg4 Ree7 37. f5 Qe3+ 38. Kh1 Qe5 39. Qg5 Qxb8
0-1

[Event "IX Weekend A"]
[Site "Palermo ITA"]
[Date "2004.10.30"]
[Round "2"]
[White "Di Caro, Calogero"]
[Black "Campo, Renato"]
[Result "1-0"]
[WhiteElo "2317"]
[BlackElo "2121"]
[PlyCount "59"]
[EventDate "2004.10.29"]

1. Nf3 d5 2. g3 Nf6 3. Bg2 c6 4. O-O Bg4 5. d3 Nbd7 6. c4 e6 7. cxd5 exd5 8.
Nc3 Bd6 9. h3 Bh5 10. e4 O-O 11. g4 Bg6 12. g5 Nh5 13. exd5 Nf4 14. Bxf4 Bxf4
15. dxc6 bxc6 16. Ne4 f6 17. Nd4 fxg5 18. Ne6 Qe7 19. Nxf8 Rxf8 20. Qb3+ Kh8
21. Qa3 c5 22. Qxa7 g4 23. Nxc5 Bb8 24. Qxd7 Qe5 25. Rfe1 Qxc5 26. d4 Qc2 27.
Qxg4 Qxf2+ 28. Kh1 Bh5 29. Qxh5 Qg3 30. Re5 1-0

[Event "IX Weekend A"]
[Site "Palermo ITA"]
[Date "2004.10.30"]
[Round "2"]
[White "Ferrante, Francesco"]
[Black "Puleio, Bernardo"]
[Result "1-0"]
[WhiteElo "2092"]
[BlackElo "1811"]
[PlyCount "45"]
[EventDate "2004.10.29"]

1. e4 e6 2. d4 d5 3. Nd2 dxe4 4. Nxe4 Nd7 5. Nf3 Ngf6 6. Nxf6+ Nxf6 7. Bd3 c5
8. O-O cxd4 9. Nxd4 Be7 10. Bg5 O-O 11. c3 e5 12. Nf5 Bxf5 13. Bxf5 Qb6 14. Qb3
Qxb3 15. axb3 Nd5 16. Bxe7 Nxe7 17. Be4 Nc6 18. Bxc6 bxc6 19. Ra6 Rfc8 20. Rd1
Rd8 21. Rxd8+ Rxd8 22. Kf1 Rd2 23. Rxa7 1-0

[Event "IX Weekend A"]
[Site "Palermo ITA"]
[Date "2004.10.30"]
[Round "2"]
[White "Ferro, Mario"]
[Black "Valguarnera, Girolamo"]
[Result "0-1"]
[WhiteElo "2226"]
[BlackElo "2113"]
[PlyCount "55"]
[EventDate "2004.10.29"]

1. e4 c6 2. d4 d5 3. Nc3 dxe4 4. Nxe4 Nd7 5. Nf3 Ngf6 6. Nxf6+ Nxf6 7. Bc4 Qc7
8. O-O Bf5 9. Ne5 e6 10. c3 Bd6 11. Re1 Nd5 12. Bxd5 cxd5 13. Qa4+ Ke7 14. g4
Be4 15. f3 Bg6 16. Bg5+ f6 17. Bh4 Be8 18. Qb3 g5 19. Bg3 fxe5 20. Bxe5 Rg8 21.
Bxd6+ Qxd6 22. Qxb7+ Bd7 23. Qb3 Raf8 24. Kg2 Rg6 25. Re5 Rgf6 26. Rf1 h6 27.
Rf2 Kf7 28. Rf1 0-1

[Event "IX Weekend A"]
[Site "Palermo ITA"]
[Date "2004.10.30"]
[Round "2"]
[White "Galioto, Giovanni"]
[Black "La Bella, Roberto"]
[Result "0-1"]
[WhiteElo "2159"]
[BlackElo "2060"]
[PlyCount "48"]
[EventDate "2004.10.29"]

1. e4 e5 2. f4 exf4 3. Bc4 d5 4. exd5 Qh4+ 5. Kf1 Bd6 6. Nf3 Qh6 7. d4 Ne7 8.
Nc3 O-O 9. Ne4 Bg4 10. Qd3 Nd7 11. Nxd6 cxd6 12. Bd2 Nf5 13. Kf2 Nb6 14. Bb3
Rfe8 15. Rae1 g5 16. c4 Ne7 17. h4 Bf5 18. Qc3 g4 19. Ng5 Ng6 20. g3 Qg7 21.
Bc2 Bxc2 22. Qxc2 Qxd4+ 23. Kg2 f3+ 24. Kh2 Qf2# 0-1

[Event "IX Weekend A"]
[Site "Palermo ITA"]
[Date "2004.10.30"]
[Round "2"]
[White "Ganci, Fabrizio"]
[Black "Greco, Salvatore"]
[Result "1/2-1/2"]
[WhiteElo "2159"]
[BlackElo "1877"]
[PlyCount "34"]
[EventDate "2004.10.29"]

1. d4 d5 2. Nf3 Nc6 3. c4 Bg4 4. Nc3 Bxf3 5. exf3 e6 6. cxd5 exd5 7. Bb5 g6 8.
Qe2+ Nge7 9. Bg5 Qd6 10. O-O f6 11. Bh4 Kf7 12. Bxc6 bxc6 13. Bg3 Qd7 14. Qa6
Nf5 15. Qb7 Bd6 16. Qa6 Rhb8 17. Rfb1 Rb4 1/2-1/2

[Event "IX Weekend A"]
[Site "Palermo ITA"]
[Date "2004.10.30"]
[Round "2"]
[White "Gangemi, Salvatore"]
[Black "Messina, Giuseppe"]
[Result "1-0"]
[WhiteElo "2105"]
[BlackElo "1700"]
[PlyCount "25"]
[EventDate "2004.10.29"]

1. c4 c6 2. g3 d5 3. Bg2 e5 4. cxd5 cxd5 5. Qb3 Nf6 6. Nc3 e4 7. Nh3 Bxh3 8.
Bxh3 a6 9. Qxb7 Nbd7 10. Nxd5 Nxd5 11. Qxd5 Be7 12. Bxd7+ Kf8 13. Bc6 1-0

[Event "IX Weekend A"]
[Site "Palermo ITA"]
[Date "2004.10.30"]
[Round "2"]
[White "Gueci, Riccardo"]
[Black "Musella, Vincenzo"]
[Result "0-1"]
[WhiteElo "2126"]
[BlackElo "1919"]
[PlyCount "55"]
[EventDate "2004.10.29"]

1. e4 c5 2. Nf3 Nc6 3. d4 cxd4 4. Nxd4 e6 5. Nc3 a6 6. Be3 Bb4 7. Be2 Nf6 8.
Nxc6 bxc6 9. Qd4 Qa5 10. Bd2 e5 11. Qe3 d6 12. O-O O-O 13. Qg3 Re8 14. Bh6 g6
15. Qh4 Nd7 16. Rad1 Qd8 17. Bg5 f6 18. Bc4+ Kh8 19. Be3 Qe7 20. Na4 Ba5 21.
Rd3 Rb8 22. Rfd1 Bc7 23. a3 Nf8 24. b4 Ne6 25. Qh6 g5 26. g3 Qg7 27. Qxg7+ Kxg7
28. f3 0-1

[Event "IX Weekend A"]
[Site "Palermo ITA"]
[Date "2004.10.30"]
[Round "2"]
[White "Insabato, Giovanbattista"]
[Black "Mazzilli, Piero"]
[Result "0-1"]
[WhiteElo "2116"]
[BlackElo "2312"]
[PlyCount "95"]
[EventDate "2004.10.29"]

1. e4 c5 2. Nf3 d6 3. Nc3 Nf6 4. g3 Nc6 5. Bg2 Bg4 6. h3 Bh5 7. g4 Bg6 8. d3 e6
9. O-O h5 10. g5 Nh7 11. Ne2 Be7 12. h4 e5 13. Nh2 f6 14. f4 fxg5 15. fxg5 Bf7
16. Ng3 g6 17. Bh3 Nd4 18. c3 Be6 19. Nf5 Nxf5 20. exf5 gxf5 21. Bxf5 Nf8 22.
Qf3 Qd7 23. Bxe6 Nxe6 24. Qf7+ Kd8 25. Be3 Kc7 26. Qg6 Raf8 27. Qe4 Qc6 28.
Qxc6+ Kxc6 29. Rxf8 Rxf8 30. Rf1 d5 31. Rxf8 Nxf8 32. Kg2 Ng6 33. Kh3 e4 34.
dxe4 dxe4 35. Nf1 Bd6 36. c4 Kd7 37. Nd2 Bf4 38. Nxe4 Bxe3 39. Nf6+ Ke6 40.
Nxh5 Bd4 41. Ng3 Bxb2 42. Kg4 Ne5+ 43. Kh5 Nxc4 44. g6 Ne3 45. Kh6 Be5 46. Nh5
Nf5+ 47. Kh7 c4 48. g7 0-1

[Event "IX Weekend A"]
[Site "Palermo ITA"]
[Date "2004.10.30"]
[Round "2"]
[White "Livecchi, Dario"]
[Black "Casto, Corrado"]
[Result "1/2-1/2"]
[WhiteElo "2171"]
[BlackElo "2105"]
[PlyCount "54"]
[EventDate "2004.10.29"]

1. d4 Nf6 2. Nc3 d5 3. Bg5 e6 4. e4 Bb4 5. e5 h6 6. Bc1 Ne4 7. Qg4 g6 8. Bd3
Nxc3 9. a3 Bf8 10. bxc3 c5 11. Nf3 Nc6 12. dxc5 Qa5 13. Bd2 Qxc5 14. O-O Bd7
15. Rfb1 Bg7 16. Rb5 Nxe5 17. Nxe5 Bxb5 18. Be3 Qxc3 19. Bxb5+ Kf8 20. Bd4 Qxc2
21. Nd7+ Kg8 22. Bxg7 Kxg7 23. Qd4+ Kg8 24. Nf6+ Kf8 25. Nd7+ Ke7 26. Qf6+ Kd6
27. Qf4+ Ke7 1/2-1/2

[Event "IX Weekend A"]
[Site "Palermo ITA"]
[Date "2004.10.30"]
[Round "2"]
[White "Massafra, Antonio"]
[Black "Mangione, Claudio"]
[Result "0-1"]
[WhiteElo "1801"]
[BlackElo "2088"]
[PlyCount "94"]
[EventDate "2004.10.29"]

1. Nf3 c5 2. e3 Nf6 3. b3 g6 4. Bb2 Bg7 5. d4 O-O 6. Be2 b6 7. O-O Bb7 8. Nbd2
d6 9. dxc5 bxc5 10. c4 Nc6 11. a3 Rb8 12. Qc2 a5 13. Ne4 Nxe4 14. Bxg7 Kxg7 15.
Qxe4 Nd4 16. Qd3 Bxf3 17. Bxf3 Rxb3 18. Qd1 Nxf3+ 19. Qxf3 Qb6 20. Qe4 Qb7 21.
Qc2 Rb8 22. Qd2 Qa6 23. Rfc1 a4 24. e4 Qc6 25. Qc2 Qd7 26. Rab1 Qe6 27. Ra1 h5
28. h3 Qe5 29. Re1 R8b6 30. Rab1 Qd4 31. Rbd1 Rb2 32. Rxd4 Rxc2 33. Rd5 Rbb2
34. e5 Rxf2 35. exd6 exd6 36. Rxd6 Rxg2+ 37. Kh1 Rh2+ 38. Kg1 Rxh3 39. Rc6 Rxa3
40. Rxc5 Rg3+ 41. Kh1 a3 42. Rb5 Rc3 43. Ra1 Rxc4 44. Ra5 Rc3 45. R5xa3 Rxa3
46. Rxa3 Kh6 47. Rf3 f5 0-1

[Event "IX Weekend A"]
[Site "Palermo ITA"]
[Date "2004.10.30"]
[Round "2"]
[White "Terranova, Roberto"]
[Black "Ferrante, Marco"]
[Result "0-1"]
[WhiteElo "1820"]
[BlackElo "2095"]
[PlyCount "48"]
[EventDate "2004.10.29"]

1. c4 c6 2. g3 d5 3. b3 dxc4 4. bxc4 Qd4 5. Nc3 Qxc4 6. Bg2 e5 7. Nf3 Nd7 8.
Qc2 Bb4 9. Bb2 Ngf6 10. Qf5 Qg4 11. Qc2 O-O 12. Rb1 Bd6 13. Nd1 Qe6 14. Ba1 Nb6
15. Ne3 h6 16. O-O Nfd5 17. Nd1 Bd7 18. Nb2 Nb4 19. Qe4 Nxa2 20. Na4 f5 21. Qc2
Nb4 22. Qd1 Nxa4 23. Qxa4 c5 24. Qd1 e4 0-1

[Event "IX Weekend A"]
[Site "Palermo ITA"]
[Date "2004.10.30"]
[Round "2"]
[White "Verga, Domenico"]
[Black "Bentivegna, Francesco"]
[Result "0-1"]
[WhiteElo "1878"]
[BlackElo "2215"]
[PlyCount "55"]
[EventDate "2004.10.29"]

1. e4 e5 2. Nc3 Nf6 3. Bc4 Nc6 4. d3 Bc5 5. Bg5 h6 6. Bh4 a6 7. Nge2 d6 8. Nd5
g5 9. Nxf6+ Qxf6 10. Bg3 Be6 11. h4 O-O-O 12. Qd2 Bxc4 13. dxc4 Qe6 14. Qd3 f6
15. a3 Ba7 16. O-O-O Ne7 17. f3 h5 18. Nc3 Ng6 19. b4 c6 20. b5 gxh4 21. Bh2
axb5 22. cxb5 Qd7 23. Qc4 Kb8 24. a4 Ne7 25. a5 Bd4 26. b6 Bxc3 27. Qxc3 Rh7
28. a6 {...} 0-1

[Event "IX Weekend A"]
[Site "Palermo ITA"]
[Date "2004.10.30"]
[Round "3"]
[White "Bentivegna, Francesco"]
[Black "Gangemi, Salvatore"]
[Result "1-0"]
[WhiteElo "2215"]
[BlackElo "2105"]
[PlyCount "41"]
[EventDate "2004.10.29"]

1. d4 Nf6 2. Bg5 Ne4 3. Bf4 d5 4. e3 c6 5. Bd3 Nd7 6. f3 Nd6 7. Nd2 Qb6 8. Ne2
Nf6 9. O-O Nf5 10. Kh1 Nh5 11. Bxf5 Bxf5 12. e4 Nxf4 13. Nxf4 dxe4 14. fxe4 Bd7
15. Nc4 Qb5 16. Ne5 h5 17. c4 Qa6 18. c5 Bg4 19. Qb3 e6 20. Nxg4 O-O-O 21. Ne5
1-0

[Event "IX Weekend A"]
[Site "Palermo ITA"]
[Date "2004.10.30"]
[Round "3"]
[White "Campo, Renato"]
[Black "Ferrante, Francesco"]
[Result "1/2-1/2"]
[WhiteElo "2121"]
[BlackElo "2092"]
[PlyCount "104"]
[EventDate "2004.10.29"]

1. d4 Nf6 2. Nf3 g6 3. Bf4 Bg7 4. c3 d6 5. Nbd2 Nbd7 6. h3 O-O 7. e4 Re8 8. Bc4
e5 9. dxe5 Nxe5 10. Bxe5 dxe5 11. Ng5 Rf8 12. Qb3 Qe7 13. O-O h6 14. Ngf3 Nd7
15. Qc2 Nb6 16. Bb3 Be6 17. a4 Rae8 18. Bxe6 Qxe6 19. a5 Nc8 20. Qb3 Qxb3 21.
Nxb3 Nd6 22. Nc5 Re7 23. Rfe1 a6 24. Ra4 Rd8 25. Nd2 Bf8 26. Nc4 Nxc4 27. Rxc4
c6 28. Kf1 Rc7 29. Ke2 Bxc5 30. Rxc5 Rcd7 31. Kf3 Rd3+ 32. Re3 Rd2 33. Rxe5
Rxb2 34. Kg3 Kf8 35. h4 h5 36. Rf3 Rb5 37. Kf4 Rd2 38. c4 Rbb2 39. Kg3 Rdc2 40.
Re6 Rxf2 41. Rxf2 Rxf2 42. Rxg6 Rc2 43. Rg5 Rxc4 44. Kf4 f6 45. Rxh5 Kg7 46. g4
Kg6 47. Rh8 Rc5 48. Rg8+ Kf7 49. Rb8 Rb5 50. g5 Kg6 51. Rg8+ Kf7 52. Rb8 Kg6
1/2-1/2

[Event "IX Weekend A"]
[Site "Palermo ITA"]
[Date "2004.10.30"]
[Round "3"]
[White "Ferrante, Marco"]
[Black "Bertino, Giacomo"]
[Result "1-0"]
[WhiteElo "2095"]
[BlackElo "2034"]
[PlyCount "99"]
[EventDate "2004.10.29"]

1. e4 e5 2. Nf3 Nc6 3. d4 exd4 4. Bc4 Nf6 5. e5 d5 6. Bb5 Ne4 7. Nxd4 Bd7 8.
Bxc6 bxc6 9. Nd2 Qh4 10. O-O Bc5 11. Nxe4 Qxe4 12. Nb3 Bb6 13. Re1 Qh4 14. Be3
O-O 15. a4 a5 16. Bc5 Rfe8 17. Qd2 Re6 18. Re3 Rh6 19. h3 Qg5 20. Qc3 Re8 21.
Rae1 Ree6 22. Nxa5 Reg6 23. Rg3 Qh4 24. e6 fxe6 25. Bxb6 cxb6 26. Nxc6 Rxg3 27.
fxg3 Qxa4 28. Ne7+ Kf7 29. Nc8 Rf6 30. Nxb6 Qa7 31. Qe3 Bb5 32. Nxd5 Qxe3+ 33.
Nxe3 h5 34. c4 Ba6 35. Rf1 Ke7 36. Rf4 Kd6 37. Re4 Kc5 38. Nc2 Bxc4 39. b4+ Kb5
40. Na3+ Kxb4 41. Nxc4 Kc3 42. Ne5 g5 43. g4 hxg4 44. Nxg4 Rg6 45. Ne5 Rf6 46.
Rg4 Rf5 47. Nf3 Kd3 48. Rxg5 Rf6 49. Re5 Rg6 50. Kh2 1-0